[Event "Terra da faxina"]
[Site "http://www.queenalice.com/game.php?id=31494"]
[Date "2005.10.3"]
[Round "-"]
[White "Adriano_Pereira"]
[Black "warmling"]
[Result "0-1"]
[WhiteElo "1463"]
[BlackElo "1310"]

1. e4 e5 2. Qf3 Qf6 3. Bc4 Nh6 4. g4 d6 5. d3 Bxg4 6. Qxf6 gxf6 7. f3 Bh5 8. Bd5
c6 9. Bc4 f5 10. exf5 Nxf5 11. b3 Nd4 12. Kf2 Nxc2 13. Bb2 Nxa1 14. Bxa1 b5 15.
Bxf7+ Bxf7 16. f4 Bg7 17. Nf3 O-O 18. Rg1 Bh5 19. fxe5 Rxf3+ 20. Ke1 Bg6 21.
exd6 Bxa1 0-1

[Event "Challenge"]
[Site "http://www.queenalice.com/game.php?id=31853"]
[Date "2005.10.6"]
[Round "-"]
[White "warmling"]
[Black "Morbid"]
[Result "1-0"]
[WhiteElo "1403"]
[BlackElo "1483"]

1. e4 Nc6 2. Qf3 Nf6 3. Nc3 Nd4 4. Qd3 Nc6 5. Nd5 Ne5 6. Qd4 d6 7. Qa4+ Bd7 8.
Qb4 a5 9. Qxb7 Nxd5 10. Qxd5 c6 11. Qb3 a4 12. Qc3 c5 13. Be2 Bc6 14. f4 Nd7 15.
d3 h5 16. Nf3 e6 17. d4 Ra5 18. b4 Ra7 19. bxc5 Bxe4 20. c6 Nf6 21. Nh4 Rc7 22.
Bb5 a3 23. Bxa3 Nd5 24. Qg3 Bxc2 25. Rc1 Qa8 26. Rxc2 Qa5+ 27. Kd1 Qxb5 28. f5
Qb1+ 29. Bc1 Qb4 30. Bd2 Qxd4 31. fxe6 fxe6 32. Ng6 h4 33. Qf3 Qf6 34. Qxf6 gxf6
35. Nxh8 Bg7 36. Ba5 Ra7 37. c7 Nxc7 38. Bb6 Bxh8 39. Bxa7 Kd7 40. Bb6 Nd5 41.
Bd4 e5 42. Bf2 Nb4 43. Rb2 Nd3 44. Rb7+ Ke6 45. Bxh4 Nf4 46. g4 Ng2 47. Bg3 Ne3+
48. Ke2 Nxg4 49. h3 1-0

[Event "Challenge"]
[Site "http://www.queenalice.com/game.php?id=34449"]
[Date "2005.10.22"]
[Round "-"]
[White "mza"]
[Black "warmling"]
[Result "0-1"]
[WhiteElo "1600"]
[BlackElo "1357"]

1. e4 e5 2. Nh3 g5 3. Bc4 Nh6 4. d3 f6 5. Qh5+ Ke7 6. Bxg5 fxg5 7. Qxg5+ Ke8 8.
Qxe5+ Qe7 9. Qxh8 Qg7 10. Qxg7 Bxg7 11. Ng5 Bxb2 12. Nxh7 Bxa1 13. O-O a5 14.
Na3 Bb2 15. Nb5 Kd8 16. f4 Nc6 17. f5 Ne5 18. Bb3 d6 19. Rb1 a4 20. Be6 a3 21.
d4 Nc6 22. d5 Nd4 23. Bxc8 Kxc8 24. Nxd4 Bxd4+ 25. Kf1 b6 26. Rb3 Be5 27. Rh3
Nf7 28. Rh5 Ra4 29. Ng5 Nxg5 30. Rxg5 Rxe4 31. Rg8+ Kb7 32. Re8 b5 33. g3 c6 34.
f6 cxd5 35. f7 Bg7 36. Rg8 Bh6 37. f8=Q Bxf8 38. Rxf8 Kc6 39. Ra8 b4 40. h4 Kc5
41. h5 Rg4 42. Kf2 Rc4 43. Rc8+ Kd4 44. Rxc4+ Kxc4 45. h6 Kc3 46. h7 Kxc2 47.
h8=Q b3 48. Qa1 b2 49. Qh1 b1=Q 50. Qh7+ Kb2 51. Qg7+ Kxa2 52. g4 Kb3 53. Qb7+
Kc2 54. Qc6+ Kb2 55. Qb5+ Ka1 56. Qxd5 Qb2+ 57. Ke3 Kb1 58. Qd1+ Qc1+ 59. Qxc1+
Kxc1 60. g5 a2 61. g6 a1=Q 62. Kf4 Qe5+ 63. Kg4 Qe6+ 64. Kh5 Qf5+ 65. Kh6 d5 66.
g7 Qg4 67. Kh7 Qxg7+ 68. Kxg7 d4 69. Kf6 d3 70. Ke5 d2 71. Ke4 d1=Q 72. Ke5 Kd2
73. Kd4 Qb3 74. Ke4 Qc4+ 75. Ke5 Kd3 76. Kf5 Qe4+ 77. Kf6 Qf4+ 0-1

[Event "Challenge"]
[Site "http://www.queenalice.com/game.php?id=35782"]
[Date "2005.10.31"]
[Round "-"]
[White "warmling"]
[Black "zeroranko"]
[Result "1-0"]
[WhiteElo "1422"]
[BlackElo "1249"]

1. e4 e5 2. Qf3 Nf6 3. h4 d6 4. Bc4 Bg4 5. Qe3 Nc6 6. f3 Nd4 7. Na3 d5 8. Bxd5
Bxa3 9. Kd1 Nxd5 10. Qxa3 Be6 11. exd5 Bxd5 12. d3 Qd6 13. c3 O-O-O 14. cxd4
exd4 15. Ne2 Rhe8 16. Nxd4 Qg3 17. Bg5 Qxg2 18. Re1 Bxf3+ 19. Nxf3 Qxf3+ 20. Kd2
Qg2+ 21. Kc3 Qc6+ 22. Kd2 f6 23. Rac1 Qg2+ 24. Kc3 Qg3 25. Rxe8 Qxd3+ 26. Kb4
Qd2+ 27. Bxd2 f5 28. Qe3 a5+ 29. Kxa5 b6+ 30. Ka6 f4 31. Qe6+ 1-0

[Event "Challenge"]
[Site "http://www.queenalice.com/game.php?id=36047"]
[Date "2005.11.2"]
[Round "-"]
[White "warmling"]
[Black "CTRN"]
[Result "1-0"]
[WhiteElo "1383"]
[BlackElo "1473"]

1. e4 e5 2. Qf3 Bc5 3. Bc4 d5 4. Bxd5 Qh4 5. Qxf7+ Kd8 6. Be6 Qxf2+ 7. Qxf2 Ne7
8. Qxc5 c6 9. Qd6+ Bd7 10. Bxd7 Nxd7 11. d3 Nf5 12. exf5 e4 13. Bg5+ Ke8 14.
Qe6+ Kf8 15. f6 gxf6 16. Bxf6 Nxf6 17. Qxf6+ Ke8 18. Qxh8+ Kd7 19. Qxh7+ Kc8 20.
Qh8+ Kc7 21. Qxa8 a6 22. h4 b5 23. h5 Kb6 24. a4 1-0

[Event "Challenge"]
[Site "http://www.queenalice.com/game.php?id=44064"]
[Date "2005.12.18"]
[Round "-"]
[White "warmling"]
[Black "Artking"]
[Result "0-1"]
[WhiteElo "1452"]
[BlackElo "1636"]

1. e4 c5 2. Qf3 Nc6 3. Bc4 Ne5 4. Qc3 Nxc4 5. Qxc4 Qc7 6. d3 d6 7. Bf4 Nf6 8. f3
g6 9. b4 Bg7 10. bxc5 Nh5 11. Bg5 Bxa1 12. g4 Ng7 13. d4 Be6 14. Qa4+ Kf8 15.
cxd6 Qxd6 16. d5 Bxd5 17. exd5 Qxd5 18. Be3 Rd8 19. Bd2 h5 20. c4 Qe6+ 21. Kf1
hxg4 22. Qxa7 Qxc4+ 23. Ne2 gxf3 24. Qe3 fxe2+ 25. Qxe2 Qxa2 26. Qe1 Nf5 27. Bc3
Ne3+ 28. Qxe3 Qxb1+ 29. Kg2 Qc2+ 30. Kf3 Rh3+ 31. Kf4 Qf5# 0-1

[Event "Challenge"]
[Site "http://www.queenalice.com/game.php?id=44066"]
[Date "2005.12.18"]
[Round "-"]
[White "warmling"]
[Black "BVA"]
[Result "0-1"]
[WhiteElo "1443"]
[BlackElo "1410"]

1. e4 e5 2. Nf3 Nc6 3. c3 Nf6 4. Qe2 Be7 5. b4 O-O 6. h4 d5 7. Ng5 h6 8. exd5
Qxd5 9. b5 Na5 10. Nf3 e4 11. Nd4 Bd6 12. h5 Bg4 13. f3 exf3 14. Nxf3 Rfe8 15.
Ne5 Bxe2 16. d4 Bxf1 17. Kxf1 Bxe5 18. dxe5 Rxe5 19. Nd2 Qd3+ 20. Kg1 Re1+ 21.
Kh2 Ng4# 0-1

[Event "hehehe... O Retorno ao Tabuleiro"]
[Site "http://www.queenalice.com/game.php?id=128506"]
[Date "2006.11.12"]
[Round "-"]
[White "rew"]
[Black "warmling"]
[Result "0-1"]
[WhiteElo "822"]
[BlackElo "1421"]

1. d4 d5 2. Bg5 h6 3. Bf4 g5 4. Be5 f6 5. Bg3 Nc6 6. e3 h5 7. Qd3 h4 8. Qg6+ Kd7
9. Be2 hxg3 10. fxg3 e5 11. c3 Nce7 12. Bb5+ c6 13. Ba4 Nxg6 14. Nf3 g4 15. Nfd2
exd4 16. cxd4 Bh6 17. Nf1 Qa5+ 18. Nc3 Qb4 19. Rb1 b5 20. Bc2 N6e7 21. h3 Ke8
22. a3 Qd6 23. hxg4 Bxg4 24. Nh2 Qxg3+ 25. Kf1 Bxe3 26. Nd1 Rxh2 0-1

[Event "Challenge"]
[Site "http://www.queenalice.com/game.php?id=129078"]
[Date "2006.11.13"]
[Round "-"]
[White "IsraelRibeiro"]
[Black "warmling"]
[Result "0-1"]
[WhiteElo "1244"]
[BlackElo "1430"]

1. e3 e5 2. Nh3 f6 3. b3 a5 4. Bb2 c6 5. Qf3 h5 6. Ba3 Be7 7. Bxe7 Nxe7 8. Bc4
d5 9. Be2 e4 10. Qg3 Nf5 11. Qg6+ Kf8 12. Nf4 Rh6 13. Qxh6 gxh6 14. Ng6+ Kf7 15.
Nf4 a4 16. Nxh5 Nh4 17. g3 Ng6 18. f3 Bf5 19. Nf4 exf3 20. Bxf3 Bxc2 21. Nc3
axb3 22. O-O d4 23. exd4 Qxd4+ 24. Kh1 Qxd2 25. Ne4 Bxe4 26. Bxe4 Nxf4 27. gxf4
Rxa2 28. Rad1 Qxh2# 0-1

[Event "Voltei! "]
[Site "http://www.queenalice.com/game.php?id=176151"]
[Date "2007.3.2"]
[Round "-"]
[White "warmling"]
[Black "ZZZZ"]
[Result "1-0"]
[WhiteElo "1473"]
[BlackElo "1326"]

1. e3 Nc6 2. d4 d5 3. Nc3 Bf5 4. Qf3 Bxc2 5. Nxd5 e6 6. Nc3 Nxd4 7. exd4 Qxd4 8.
Bf4 Qb4 9. b3 Rd8 10. Bxc7 Rd3 11. Bxd3 Qxc3+ 12. Ke2 Qxc7 13. Bb5+ Ke7 14. Nh3
Qe5+ 15. Kd2 Qxb5 16. Kxc2 g6 17. a4 Qc5+ 18. Kb1 Bg7 19. Rc1 Qd4 20. Qxb7+ Kf6
21. Ka2 Qd2+ 22. Ka3 Bf8+ 23. b4 a5 24. Kb3 axb4 25. Qf3+ Kg7 26. Rd1 Qh6 27.
Rd7 Be7 28. g4 Qh4 29. Qg2 Qf6 30. Rc1 Qe5 31. f4 Qe3+ 32. Kb2 Qa3+ 33. Kb1 Qb3+
34. Qb2+ Qxb2+ 35. Kxb2 h6 36. a5 f5 37. gxf5 gxf5 38. a6 Kf7 39. Rc8 Nf6 40.
Rxe7+ Kxe7 41. Rxh8 Nd7 42. a7 Nb6 43. Rb8 Nc4+ 44. Kb3 Na5+ 45. Kxb4 Nc6+ 46.
Kc5 Nxa7 47. Rb7+ Kf6 48. Rxa7 h5 49. Kd6 h4 50. Kd7 Kf7 51. Ra6 Kf6 52. Rxe6+
Kf7 53. Ng5+ Kg7 54. Kd6 Kf8 55. Rf6+ Kg7 56. Rxf5 Kg6 57. Rf8 Kh5 58. Rg8 Kg4
59. Ne6+ Kh3 60. Rh8 Kg4 61. Ke5 h3 62. f5 Kf3 63. Rxh3+ Kg4 64. Rh8 Kf3 65. f6
Kg4 66. f7 Kf3 67. f8=Q+ Ke3 68. Qa3+ Ke2 69. Nd4+ 1-0

[Event "Segunda partida!!!"]
[Site "http://www.queenalice.com/game.php?id=183288"]
[Date "2007.3.16"]
[Round "-"]
[White "IsraelRibeiro"]
[Black "warmling"]
[Result "0-1"]
[WhiteElo "1432"]
[BlackElo "1458"]

1. e3 e5 2. Nh3 Qf6 3. Qf3 Nc6 4. Bc4 Nb4 5. Kd1 c6 6. Ng5 d5 7. c3 dxc4 8. Ne4
Qe6 9. cxb4 Bxb4 10. Ng5 Qe7 11. h4 f6 12. a3 Bc5 13. Ne4 h5 14. Nxc5 Qxc5 15.
b4 Qd6 16. Nc3 a5 17. Rb1 axb4 18. axb4 b5 19. Ne4 Qd3 20. Rb2 Ra3 21. Nc5 Qd6
22. Rc2 Bg4 23. Nb7 Bxf3+ 24. gxf3 Qd3 25. Nc5 Qf5 26. Bxa3 Qxf3+ 27. Ke1 Qxh1+
28. Ke2 Qxh4 29. Rc1 Ne7 30. Ne6 Qg4+ 31. f3 Qxe6 32. Rg1 Nf5 33. Rxg7 Nxg7 0-1

[Event "Challenge"]
[Site "http://www.queenalice.com/game.php?id=188858"]
[Date "2007.3.28"]
[Round "-"]
[White "warmling"]
[Black "spawnwolfwolverine"]
[Result "0-1"]
[WhiteElo "1498"]
[BlackElo "1664"]

1. e4 e5 2. Nf3 d6 3. d3 Bg4 4. a4 Nc6 5. c4 Nd4 6. h3 Bxf3 7. gxf3 Be7 8. b3
Bg5 9. Bxg5 Qxg5 10. h4 Qf6 11. Nd2 Nh6 12. b4 O-O 13. Rb1 b6 14. b5 a6 15. bxa6
Rxa6 16. Bh3 c5 17. h5 Qg5 18. Bd7 f5 19. exf5 Nhxf5 20. Ne4 Qf4 21. Rg1 Nxf3+
22. Ke2 N5d4+ 23. Kf1 Nxg1 24. Kxg1 Nf3+ 25. Kg2 Qh4 26. Qh1 Qxh1+ 27. Rxh1 Nd4
28. Nxd6 b5 29. axb5 Rxd6 30. Bg4 h6 0-1

[Event "Challenge"]
[Site "http://www.queenalice.com/game.php?id=191196"]
[Date "2007.4.3"]
[Round "-"]
[White "ZZZZ"]
[Black "warmling"]
[Result "1-0"]
[WhiteElo "1403"]
[BlackElo "1460"]

1. e4 e5 2. Qh5 Qe7 3. Nf3 Nf6 4. Qg5 Nxe4 5. Qxe7+ Bxe7 6. Nxe5 d6 7. Nd3 f5 8.
Nf4 c6 9. d3 Nc5 10. g3 d5 11. d4 Ne4 12. a3 Bg5 13. h4 Bf6 14. Be3 h6 15. c4 g5
16. Ng6 Rg8 17. h5 Nd7 18. b4 b6 19. a4 a5 20. b5 cxb5 21. cxb5 f4 22. gxf4 Kd8
23. Bg2 Bg7 24. fxg5 Bb7 25. gxh6 Bf6 26. h7 Re8 27. f3 Ng3 28. Rh4 Nf5 29. h8=Q
Bxh8 30. Nxh8 Nxh4 31. Nf7+ Kc7 32. Kd2 Nxg2 33. Bg5 Ne1 34. Bf4+ Kc8 35. Nd6+
Kd8 36. Nxb7+ Ke7 37. Kxe1 Rf8 38. Bd6+ Ke8 39. Bxf8 Kxf8 40. Nc3 Rb8 41. Nd6
Ke7 42. Nf5+ Kf6 43. Ng3 Re8+ 44. Kf2 Kg5 45. Nxd5 Rg8 46. Rh1 Kh6 47. Nf5+ Kh7
48. Nf6+ Nxf6 49. h6 Rg5 50. Ne7 Nd5 51. Nxd5 Rxd5 52. Ke3 Rd7 53. Kd3 Rf7 54.
Ke4 Re7+ 55. Kd3 Re8 56. d5 Kg6 57. h7 Kg7 58. h8=Q+ Rxh8 59. Rxh8 Kxh8 60. d6
Kg7 61. d7 Kf7 62. d8=Q Ke6 63. Qxb6+ Kf5 64. Qd4 1-0

[Event "O retorno..."]
[Site "http://www.queenalice.com/game.php?id=214220"]
[Date "2007.5.21"]
[Round "-"]
[White "IsraelRibeiro"]
[Black "warmling"]
[Result "1-0"]
[WhiteElo "1432"]
[BlackElo "1442"]

1. e3 e5 2. Nh3 g5 3. Bc4 Nh6 4. f4 f6 5. fxe5 fxe5 6. Qf3 g4 7. Qe4 gxh3 8.
Qxe5+ Qe7 9. Qxh8 Qh4+ 10. Ke2 Qxc4+ 11. Kd1 Qg4+ 12. Ke1 hxg2 13. Rg1 d5 14.
Qe5+ Qe6 15. Qxe6+ Bxe6 16. Rxg2 Ng4 17. h3 Ne5 18. d4 Bxh3 19. Rh2 1-0